Estudio cíclico de 1ª Enseñanza (Primer Grado).

Gespeichert in:
Bibliographische Detailangaben
1. Verfasser: EPA. Autor
Format: keine Angabe
Sprache:Spanisch
Erschienen: Zaragoza Gráficas Alfredo Uriarte 1927
Ausgabe:
Katalog:MANES:  Suchergebnis im Bibliothekskatalog
Schulbuchspezifische Eigenschaften:
Tags: Tag hinzufügen
Keine Tags, Fügen Sie den ersten Tag hinzu!
Hinzugefügt zu:26.04.2016
Geändert in:07.05.2025

MARC

LEADER 000000000a22000000004500
001 11867
003 OSt
005 20250507133337.0
008 160427s sp ||||| |||| 00| 0 spa d
040 |c centro_manes 
041 1 |a spa 
561 |5 es-CICE  |a España. Centro Internacional de la Cultura Escolar  |k MANES 
691 0 |a PRI 
100 1 |a EPA. Autor  |9 5070 
245 0 0 |a Estudio cíclico de 1ª Enseñanza (Primer Grado). 
250 |a 3ª 
260 3 |a Zaragoza  |b Gráficas Alfredo Uriarte  |c 1927 
300 |a 339 p.  |c 18,5 x 12 cm 
500 |a Editado en Cartoné. Con licencia del Ordinario. 
690 0 |a CN  |a ECS  |a LEN  |a MATE  |a RyM 
942 |2 ddc  |c BK 
546 |a España 
999 |c 17841  |d 17841 
999 |c manes:17841  |d 17841